| 000 | 00616nam a2200217 i 4500 | ||
|---|---|---|---|
| 001 | bg | ||
| 100 | 1 | _aSZPUNAR, Adam | |
| 245 | 1 | 0 |
_aNabycie własności ruchomości od nieuprawnionego / _cAdam Szpunar. |
| 250 | _aStan prawny na 20 lutego 1998 r. | ||
| 260 |
_aKraków : _b"Zakamycze", _c1998. |
||
| 300 |
_a155 s. ; _c21 cm. |
||
| 504 | _aBibliogr. 153-155. | ||
| 650 | 9 |
_aRuchomości _xhandel _xprawo _xzagadnienia _ystan na 1998 r. |
|
| 020 | _a8372110069 | ||
| 040 | _cBPK | ||
| 041 | 0 | _apl | |
| 080 | _a347.3(438) | ||
| 920 | _a83-7211-006-9 | ||
| 942 | _cKS | ||
| 008 | s pl f |000 0 pol | ||
| 999 |
_c33720 _d33720 |
||
| 856 |
_uhttp://koha.tu.koszalin.pl/cgi-bin/koha/opac-detail.pl?biblionumber=33720 _yKatalog online BPK |
||